Statistics for Born in Bruges

Click here to take the quiz!

General Stats

  • This quiz has been taken 10 times
    (5 since last reset)
  • The average score is 3 of 7

Answer Stats

HintAnswer% Correct
Belgian-Australian singer, "Somebody that I used to know"1980Gotye
100%
Footballer who plays for AC Milan and the Belgian national team2001Charles De Ketelaere
60%
Leader of the Brugens Matins, a uprising against the French King and namesake of a football stadium in Bruges1264Jan Breydel
60%
one of the most important authors of post-war Belgium, "The Sorrow of Belgium"1929Hugo Claus
40%
assumed Designer of the Euro sign1951Alain Billiet
0%
First Habsburg King of Castile and Duke of Burgundy1478Philip I
0%
Former basketball player who played for the San Antonio Spurs and the French national team1982Tony Parker
0%

Score Distribution

Percentile by Number Answered

Percent of People with Each Score

Your Score History

You have not taken this quiz since the last reset